Music Quiz

Random Music or Song Quiz

Figure Out the Disney Lyrics VIII Quiz Stats

 Plays Quiz Updated Jun 26, 2018

Challenge
Share
Tweet
Embed
Score 0/81 Timer 08:00
5 Plays Today
% Correct
a
97.3%
a
97.3%
a
97.3%
a
97.3%
you
90.9%
you
90.9%
you
90.9%
you
90.9%
you
90.9%
you
90.9%
The
89.5%
the
89.5%
are
77%
and
73.6%
When
73.2%
When
73.2%
When
73.2%
no
71.8%
No
71.8%
to
71.8%
to
71.8%
is
71.1%
is
71.1%
is
71.1%
who
69.2%
your
69.1%
your
69.1%
% Correct
your
69.1%
Your
69.1%
who
69%
wish
68%
wish
68%
wish
68%
star
67.8%
star
67.8%
star
67.8%
upon
67.7%
upon
67.6%
upon
67.6%
in
66.1%
in
66.1%
come
62.9%
come
62.9%
Will
62.9%
dream
61.4%
If
58.2%
true
57.7%
heart
57.7%
heart
57.7%
Makes
57.3%
difference
56.6%
do
54.1%
dreams
53.6%
love
53.4%
% Correct
of
48.1%
of
48.1%
She
44.1%
too
42.6%
desires
42.5%
As
40.8%
Anything
39.3%
Like
33%
extreme
30.5%
out
29.5%
request
26.4%
those
25.2%
dreamers
24.4%
Their
23.9%
blue
22.3%
through
19.8%
kind
18.4%
Fate
18.4%
Fate
18.4%
sees
17.4%
steps
16.1%
brings
16%
bolt
15.8%
sweet
15.3%
secret
14.9%
longing
14.2%
fulfillment
14%

You're not logged in!

Compare scores with friends on all Sporcle quizzes.
OR
Log In

You Might Also Like...

Show Comments

Extras

Top Quizzes Today


Score Distribution

Your Account Isn't Verified!

In order to create a playlist on Sporcle, you need to verify the email address you used during registration. Go to your Sporcle Settings to finish the process.

Report this User

Report this user for behavior that violates our Community Guidelines.

Details: